000 00294nam a22001337a 4500
008 180911b xxu||||| |||| 00| 0 eng d
020 _a9781428263635
041 _aeng
080 _a004
100 _a30
101 _aSHM
245 _aConnect College Reading
_cDole,I g
942 _2udc
_cBK
999 _c47664
_d47664